| 000 | 00000nam##2200000za#4500 |
| 001 | 9.572416 |
| 003 | CaOODSP |
| 005 | 20220111083058 |
| 007 | cr ||||||||||| |
| 008 | 150406|1993||||xxc|||||o f|0| 0 eng|d |
| 022 | |a1928-6414 |
| 040 | |aCaOODSP|beng |
| 043 | |an-cn--- |
| 086 | 1 |aNE22-1/1993-7E-PDF |
| 110 | 1 |aCanada. |bNational Energy Board. |
| 245 | 10|aReasons for decision in the matter of Westcoast Energy Inc. : |h[electronic resource]|bapplication dated 19 January 1993, as amended, for the Pine River Plant and Grizzly Pipeline System expansion |
| 246 | 1 |iVariant title : |aWestcoast Energy Inc. |
| 260 | |aCalgary - Alberta : |bNational Energy Board |cJune 1993. |
| 300 | |a72p.|bfig., graphs, maps, tables |
| 490 | 1 |aReasons for decision|x1928-6414|vGH-1-93 |
| 500 | |aThe catalogue number (NE22-1/1993-7E) and ISBN (0-662-20729-7) for the print edition have been incorrectly copied in this electronic publication. |
| 590 | |a12-06-Supp|b2012-03-07 |
| 775 | 08|tMotifs de décision relativement à Westcoast Energy Inc. : |w(CaOODSP)9.602769 |
| 776 | 0#|tWestcoast Energy Inc. : |w(CaOODSP)9.608854 |
| 830 | #0|aReasons for decision (Canada. National Energy Board)|x1928-6414|vGH-1-93|w(CaOODSP)9.504480 |
| 856 | 40|ahttp://publications.gc.ca|qPDF|s300 KB|uhttps://publications.gc.ca/collections/Collection/NE22-1-1993-7E.pdf|yGH-1-93 |